00729nam a2200253 a 4500001001300000003000900013005001700022008004100039020001000080082001300090100002300103245003200126260003100158300000900189500003500198505002800233650001900261650002900280700002300309902000800332942000700340952011300347999001500460nice12345678IN_TiNIC20260116011415.0050524s1325 teha grp 000 0 per  ac10000a295bEDE aEdelji, Ard Sherji aAaina-E-Aain-E-Maazad Yasni aTehranbNo Publisherc1325 a143p aincludes index and biblioraphy2 aHand Written Manuscript aZoroastrianism aZoroastrian-Constitution1 aEdelji, Ard Sherji bSRS cBK 001040708StackRoom-aHMIbHMId2007-07-26g100.00l0o295 EDEp04987r2007-07-26v100.00w2005-05-24yBK c1255d1255